[Event "IND-ch Women 2019"]
[Site "Karaikkudi"]
[Date "2019.07.24"]
[Round "8.5"]
[White "Divya Deshmukh"]
[Black "Jain Nityata"]
[Result "1-0"]
[WhiteElo "2373"]
[BlackElo "2135"]
[Annotator "TA"]
[PlyCount "97"]
[EventDate "2019.07.19"]
[EventType "swiss"]
[EventCountry "IND"]
[SourceTitle "playchess.com"]
[Source "ChessBase"]
[SourceQuality "1"]

{[%evp 10,96,15,0,7,-3,15,15,14,11,10,6,4,-8,-3,-18,26,25,52,52,56,50,65,66,91,82,114,114,99,67,84,43,43,50,81,77,78,85,81,81,81,81,81,81,115,113,109,65,65,52,45,48,50,45,54,13,19,16,27,10,51,48,99,10,35,28,25,25,135,107,156,175,266,178,29967,29969,29969,29970,29968,29970,5495,5297,29972,29973,29969,6211,29984,29985,29996]} 1. Nf3 Nf6 2. b3 d5 3. Bb2 Bg4 4. e3 Nbd7 5. Be2 e6 6. d3 Bd6 {A06: Réti Opening:1 Nf3 d5} 7. Nbd2 c6 8. h3 Bxf3 {The position is equal.} 9. Bxf3 e5 10. O-O O-O 11. a4 $146 ({Predecessor:} 11. c4 Qe7 12. Qc2 Rfe8 13. Rfd1 a5 {0-1 (26) Nyback,T (2430)-Stefansson,H (2575) Reykjavik 2001}) 11... Re8 12. e4 dxe4 13. dxe4 Qe7 14. Nc4 Bc5 15. Qe2 a6 16. a5 Rad8 17. Rfd1 h6 18. g3 Nh7 19. Bg4 Nhf6 20. Bxd7 Nxd7 21. Bc3 f6 {[#]} 22. b4 $1 {[%cal Rb4c5]} Bd4 23. Bxd4 exd4 24. Rxd4 {Threatens to win with Nd6.} Ne5 {[#]} 25. Rxd8 $1 Rxd8 26. c3 Qe6 27. Nxe5 Qxe5 $16 {[%mdl 4096] Endgame KQR-KQR} 28. Qe3 Qe6 29. Kh2 Qc4 30. Rc1 Rd3 31. Qe2 Rd4 $1 32. Qg4 {And now Qc8+ would win.} Rxe4 33. Qc8+ Kh7 34. Qxb7 Re2 (34... Qa2 $5 {[%cal Ra2f2]} 35. Rf1 Qc4 $14) 35. Kg1 Qa2 (35... Qd3 $14) 36. Qb6 ({Don't play} 36. Qxc6 Rxf2 37. Re1 Re2 $14) (36. Rf1 $16 Qc4 37. Qd7) 36... Qd2 37. Rf1 Qxc3 38. Qxa6 Rb2 (38... Re5 $1 $11) 39. Qc8 Rxb4 40. Qf5+ Kg8 (40... Kh8 {was called for.}) 41. a6 $36 {[%cal Ba5a6,Ba6a7][%mdl 2080] White is on the roll.} Rb8 $2 (41... Ra4 $18) 42. Rb1 Rxb1+ 43. Qxb1 {KQ-KQ} Qa5 44. Qb8+ Kh7 45. a7 Qe1+ 46. Kg2 Qe4+ 47. Kh2 Qd4 48. Qb1+ Qe4 {Accuracy: White = 61%, Black = 44%.} 49. Qxe4+ 1-0

[Event "IND-ch Women 2019"]
[Site "Karaikkudi"]
[Date "2019.07.24"]
[Round "8.6"]
[White "Srija, Seshadri"]
[Black "Mrudul Dehankar"]
[Result "0-1"]
[WhiteElo "2306"]
[BlackElo "2074"]
[Annotator "TA"]
[PlyCount "56"]
[EventDate "2019.07.19"]
[EventType "swiss"]
[EventCountry "IND"]
[SourceTitle "playchess.com"]
[Source "ChessBase"]
[SourceQuality "1"]

{[%evp 19,70,38,33,18,18,17,26,0,16,-20,-20,-25,0,0,0,-59,-32,-141,-135,-133,-135,-128,-143,-155,-140,-131,-115,-169,-101,-105,-16,-172,-172,-388,-377,-379,-346,-391,-401,-493,-490,-497,-486,-790,-770,-1068,-920,-1078,-645,-1037,-1008,-1186,-1173]} 1. e4 c6 2. d4 d5 3. exd5 cxd5 4. Bd3 Nc6 5. c3 Nf6 6. h3 g6 7. Nf3 Bg7 8. Bf4 O-O 9. O-O Bf5 10. Bxf5 gxf5 11. Na3 {B13: Caro-Kann: Exchange Variation and Panov-Botvinnik Attack} (11. Ne1 e6 12. Nd3 Ne4 13. f3 Nf6 14. Nd2 Nh5 15. Bh2 Qh4 16. Qe1 Qxe1 17. Rfxe1 Bh6 18. Nb3 Rac8 {½-½ (47) Socko,M (2468)-Gunina,V (2507) Tbilisi 2018}) 11... e6 12. Nc2 $146 ({Predecessor:} 12. Qd3 Ne4 13. Nc2 Rc8 14. Ne3 Kh8 15. Rfe1 Rg8 16. Re2 Bf6 17. Ne5 Nxe5 18. dxe5 Bg5 {½-½ (27) Riquelme Valero,M (2240)-Sanz Montarelo,T Spain 1998}) 12... Ne4 13. Ne3 {White has an edge.} Ne7 14. g4 Ng6 15. Bh2 $1 f4 16. Ng2 f5 17. Nfe1 (17. g5 $1 $11) 17... fxg4 $15 18. hxg4 (18. Qxg4 $15 Rf5 19. h4) 18... Qg5 $1 $17 19. f3 Ng3 20. Rf2 {[#]} h5 $1 $36 {[%mdl 2048] Black is really pushing.} 21. gxh5 Qxh5 22. Nd3 Qh3 23. Rd2 (23. Rc1 $17) 23... Rf5 $19 {Hoping for ...Rg5.} 24. Nf2 Qh5 (24... Qh7 $17 {Strongly threatening ...Rg5.} 25. Qb3 Bf8) 25. Ng4 $2 {[#]} (25. Nxf4 $1 $11 {and White has nothing to worry.} Nxf4 26. Bxg3) 25... Raf8 $1 26. Ne1 $2 (26. Rc1) 26... Rg5 27. Nd3 Nh4 28. Ndf2 {[#]} Ngf5 {Played: Ng3-e4} 0-1

[Event "IND-ch Women 2019"]
[Site "Karaikkudi"]
[Date "2019.07.24"]
[Round "8.7"]
[White "Thipsay, Bagyashree Sathe"]
[Black "Gomes, Mary Ann"]
[Result "*"]
[WhiteElo "2093"]
[BlackElo "2303"]
[Annotator "TA"]
[PlyCount "39"]
[EventDate "2019.07.19"]
[EventType "swiss"]
[EventCountry "IND"]
[SourceTitle "playchess.com"]
[Source "ChessBase"]
[SourceQuality "1"]

{[%evp 9,39,13,32,10,45,12,16,8,8,0,13,21,14,0,43,39,51,43,68,32,33,13,21,9,66,37,79,16,68,43,45,46]} 1. e4 c5 2. Nf3 d6 3. d4 cxd4 4. Qxd4 a6 5. h3 Nc6 6. Qe3 {B53: Sicilian: 2...d6: Lines with Qxd4} e5 $146 ({Predecessor:} 6... g6 7. Be2 Bg7 8. O-O Nf6 9. c4 O-O 10. Nc3 Be6 11. Rd1 Nd7 12. b3 Qb6 {1-0 (41) Xiong,J (2651)-Andriasian,Z (2603) chess.com INT 2018}) 7. Bc4 Be7 8. O-O {The position is equal.} Nf6 9. Nc3 O-O 10. Rd1 Qc7 11. Qe2 b5 12. Nd5 $36 {[%mdl 2048] White fights for an advantage.} Nxd5 13. Bxd5 Bb7 14. c3 Na5 15. Be3 Bxd5 16. Rxd5 Qc4 ({Black should try} 16... Nc4 $11) 17. Qc2 $1 $14 f5 18. Nd2 ({Better is} 18. b3 $16 Qc6 19. c4) 18... Qe2 (18... Qc6 $11 19. f3 f4) 19. Qd1 Qxd1+ 20. Rxd1 {Accuracy: White = 21%, Black = 38%.} *

[Event "IND-ch Women 2019"]
[Site "Karaikkudi"]
[Date "2019.07.24"]
[Round "8.8"]
[White "Potluri Saye Srreezza"]
[Black "Priyanka, Kumari"]
[Result "0-1"]
[WhiteElo "1999"]
[BlackElo "1991"]
[Annotator "NA RC"]
[PlyCount "84"]
[EventDate "2019.07.19"]
[EventType "swiss"]
[EventCountry "IND"]
[SourceTitle "playchess.com"]
[Source "ChessBase"]
[SourceQuality "1"]
[TimeControl "40/5400+30:1800+30"]

1. Nf3 {[%emt 0:00:00]} Nf6 {[%emt 0:00:10]} 2. d4 {[%emt 0:01:27]} g6 {[%emt 0:00:08]} 3. c4 {[%emt 0:00:06]} Bg7 {[%emt 0:00:08]} 4. g3 {[%emt 0:00:07]} d6 {[%emt 0:00:09]} 5. Bg2 {[%emt 0:00:07]} O-O {[%emt 0:00:37]} 6. O-O {[%emt 0:00:07]} Nbd7 {[%emt 0:01:05]} 7. Qc2 {[%emt 0:00:12]} e5 {[%emt 0:01:25]} 8. dxe5 {[%emt 0:00:31]} dxe5 {[%emt 0:01:33]} 9. Rd1 {[%emt 0:00:26]} Qe7 {[%emt 0:01:14]} 10. e4 {[%emt 0:00:33]} Nc5 {[%emt 0:05:09]} 11. Nc3 {[%emt 0:03:02]} c6 {[%emt 0:01:12]} 12. h3 {[%emt 0:01:28]} Re8 {[%emt 0:04:13]} 13. Be3 {[%emt 0:06:29]} h6 {[%emt 0:19:54]} 14. b4 {[%emt 0:12:49]} Ne6 {[%emt 0:08:43]} 15. c5 {[%emt 0:01:21]} Qc7 {[%emt 0:04:44]} 16. Na4 {[%emt 0:09:19]} Nd7 {[%emt 0:08:25]} 17. Nb2 {[%emt 0:11:26]} b5 {[%emt 0:03:50]} 18. a4 {[%emt 0:12:13]} Rb8 {[%emt 0:09:07]} 19. a5 {[%emt 0:01:10]} Ba6 {[%emt 0:01:30]} 20. h4 {[%emt 0:07:46]} Nf6 {[%emt 0:02:27]} 21. Bh3 {[%emt 0:01:30]} Bc8 {[%emt 0:00:57]} 22. Rd6 {[%emt 0:03:22]} Nd4 {[%emt 0:16:10]} 23. Bxd4 {[%emt 0:08:34]} exd4 {[%emt 0:00:27]} 24. Bxc8 {[%emt 0:00:38]} Qxc8 {[%emt 0:03:50]} 25. Re1 {[%emt 0:04:13]} Qg4 {[%emt 0:04:07]} 26. Nh2 {[%emt 0:00:08]} Qh3 {[%emt 0:00:33]} 27. Rxc6 {[%emt 0:00:21]} Nd5 {[%emt 0:00:51]} 28. Nd3 {[%emt 0:00:42]} Nc3 {[%emt 0:00:30]} 29. Nf4 {[%emt 0:01:19]} Qd7 {[%emt 0:00:18]} 30. Rd6 {[%emt 0:00:11]} Qb7 {[%emt 0:00:25]} 31. Nd5 {[%emt 0:02:43]} Be5 {[%emt 0:00:38]} 32. Nxc3 {[%emt 0:03:54]} Bxd6 {[%emt 0:00:18]} 33. Nd5 {[%emt 0:00:13]} Be5 {[%emt 0:00:24]} 34. Ng4 {[%emt 0:00:14]} Qc6 {[%emt 0:00:57]} 35. Qd2 {[%emt 0:04:31]} Bg7 {[%emt 0:00:10]} 36. Nxh6+ {[%emt 0:01:29]} Bxh6 {[%emt 0:00:16]} 37. Qxh6 {[%emt 0:00:08]} Rbd8 {[%emt 0:00:24]} 38. Qd2 {[%emt 0:01:08]} Re6 {[%emt 0:01:02]} 39. Kh2 {[%emt 0:00:59]} f5 {[%emt 0:00:32]} 40. f3 {[%emt 0:00:00]} fxe4 {[%emt 0:00:00]} 41. fxe4 {[%emt 0:01:30]} Qb7 {[%emt 0:09:18]} 42. Qxd4 {[%emt 0:04:55]} Rxd5 {[%emt 0:01:11]} 0-1

[Event "IND-ch Women 2019"]
[Site "Karaikkudi"]
[Date "2019.07.24"]
[Round "8.9"]
[White "Swati Ghate"]
[Black "Harshita Guddanti"]
[Result "*"]
[WhiteElo "2192"]
[BlackElo "2078"]
[Annotator "TA"]
[PlyCount "29"]
[EventDate "2019.07.19"]
[EventType "swiss"]
[EventCountry "IND"]
[SourceTitle "playchess.com"]
[Source "ChessBase"]
[SourceQuality "1"]

{[%evp 13,29,10,8,4,8,0,0,0,0,-1,-4,-1,0,-8,0,-9,0,-75]} 1. e4 e5 2. Nf3 Nc6 3. Bb5 a6 4. Ba4 Nf6 5. d3 b5 6. Bb3 Be7 7. Nc3 d6 {The position is equal.} 8. a3 {C77: Ruy Lopez: 3...a6 4 Ba4 Nf6, unusual lines} O-O 9. Nd5 Na5 10. Nxe7+ $146 ({Predecessor:} 10. Ba2 Nxd5 11. Bxd5 c6 12. Ba2 Bf6 13. O-O Re8 14. b4 Nb7 15. c4 Be6 {½-½ (23) Rapport,R (2692)-Aronian,L (2785) Sharjah 2017}) 10... Qxe7 11. Ba2 c5 12. O-O Nc6 13. c3 Be6 14. Bb1 h6 15. Nh4 (15. h3 $11 {was the only way to keep the balance.}) *

[Event "IND-ch Women 2019"]
[Site "Karaikkudi"]
[Date "2019.07.24"]
[Round "8.10"]
[White "Chitlange Sakshi"]
[Black "Bala Kannamma P"]
[Result "1-0"]
[WhiteElo "2168"]
[BlackElo "2051"]
[Annotator "TA"]
[PlyCount "177"]
[EventDate "2019.07.19"]
[EventType "swiss"]
[EventCountry "IND"]
[SourceTitle "playchess.com"]
[Source "ChessBase"]
[SourceQuality "1"]

{[%evp 15,177,52,75,75,76,75,77,76,86,82,90,68,92,85,83,82,73,82,115,113,115,97,148,138,178,170,208,147,177,135,155,150,156,156,155,156,159,159,159,159,159,124,159,159,171,150,171,171,169,167,167,84,84,0,165,150,165,150,150,150,150,150,158,150,150,150,150,150,150,150,150,150,150,135,135,135,135,135,135,135,135,135,135,135,148,148,234,157,180,183,169,173,168,168,159,52,55,58,55,47,49,56,193,196,263,250,245,253,242,204,306,303,219,0,0,0,583,587,576,536,718,603,658,654,618,633,660,607,1021,1299,1358,1454,1701,1652,1426,1418,1996,1540,3133,3214,2639,2086,5720,5668,4549,2929,2135,1733,29975,29976,29972,29973,29977,29969,29986,29977,29977,29978,29978,29978,29978,29979,29977,29972]} 1. d4 Nf6 2. c4 e6 3. Nf3 b6 4. a3 Bb7 5. Nc3 Be7 6. d5 O-O 7. e4 d6 8. Bd3 e5 9. O-O {E12: Queen's Indian: Unusual White 4th moves, 4 a3, 4 Nc3 Bb7 5 a3 and 4 Nc3 Bb7} a5 10. Rb1 Re8 (10... Bc8 11. b4 axb4 12. axb4 Bg4 13. h3 Bxf3 14. Qxf3 Nbd7 15. Qe2 Ne8 16. Bb2 Bg5 {½-½ (71) Gholami,A (2422)-Shytaj,L (2435) Doha 2016}) 11. b4 {White is better.} Nbd7 12. Re1 $146 ({Predecessor:} 12. h3 Nf8 13. Be3 N6d7 14. Qc2 Ng6 15. Rfc1 Bc8 16. Na4 axb4 17. axb4 {1-0 (33) Salzgeber,F (2208)-Thuerig,C (1995) Graechen 2017}) 12... Bf8 13. Qc2 h6 14. Bd2 Bc8 15. Na4 axb4 16. axb4 g5 17. g3 Nh7 18. Nc3 Bg7 (18... Ndf6 $142) 19. Ra1 $16 Rxa1 20. Rxa1 Ndf8 21. Ra8 Qe7 22. Nb5 Bd7 23. Ra7 Bxb5 24. cxb5 Rc8 25. Be3 {Black must now prevent Bxb6!} Qd8 26. Bf1 Nf6 27. Ne1 Ng6 28. Bc1 Bf8 29. Ng2 Ne8 30. Ne3 Ra8 31. Ra6 $1 Ne7 32. Bh3 Rb8 33. Ra7 (33. Nf5 $18) 33... Ra8 34. Ra6 (34. Rxa8 $16 Qxa8 35. f3) 34... Rb8 $1 $18 35. Nf5 Nxf5 36. Bxf5 ({Don't play} 36. exf5 $6 Nf6 $14) 36... Ng7 37. Bh3 Rb7 38. Be3 Ne8 39. Bf5 Ng7 40. Qc6 Qb8 41. Bd7 Nh5 42. f3 Nf6 43. Bf5 Be7 44. Kf2 Kg7 45. Ke2 Ng8 46. Kd2 Bf6 47. Qc4 Ne7 48. Bh3 Qh8 49. Kc2 h5 50. Kb3 g4 (50... Qe8 $16 51. Kc3 Kh7) 51. Bg2 gxf3 52. Bxf3 h4 53. g4 {Strongly threatening g5.} Ng6 54. Qc6 $1 {[%cal Rc6b7]} Qb8 55. Qc1 (55. g5 $16 Be7 56. Bg4) 55... Nf4 $14 56. Bxf4 exf4 57. Qxf4 Qd8 58. Ra2 $36 {[%mdl 2048] Threatens to win with g5. White is more active.} Rb8 ({Better is} 58... h3 $14) 59. g5 $1 $18 {[%cal Rg5f6]} Bxg5 (59... Be5 {is a better defense.} 60. Qxh4 Qe8 61. Qh6+ Kg8) 60. Rg2 $1 {[%csl LRg5,LRh4]} f6 61. Qxh4 $1 Qd7 {[#]} 62. Qg3 $1 {And now h4 would win.} Qxb5 (62... Ra8 $142 63. Be2 Qe8) 63. Be2 Qe8 {[#]} 64. Bd3 $2 (64. Qc3 $1 $18 {[%mdl 512]} Kf8 65. Qxc7) 64... Ra8 $11 65. b5 {h4 is the strong threat.} Qb8 $2 {[%mdl 8192]} (65... Ra1 $11 {and Black stays safe.} 66. Rg1 Rxg1 67. Qxg1 Qh5) 66. h4 $18 {[%mdl 64] Pin} Qa7 {( -> ...Qa3+)} 67. hxg5 Qa3+ 68. Kc2 Qa2+ 69. Kc1 {Intending gxf6+ and mate.} Qa3+ 70. Kd2 {White threatens gxf6+ and mate.} Qb2+ 71. Bc2 {Threatening mate with gxf6+.} f5 {With the idea ...Ra3.} 72. Qc3+ Qxc3+ 73. Kxc3 {[%mdl 4096] Endgame KRB-KR} f4 74. Kd4 Ra5 75. Bd3 Ra4+ 76. Bc4 Kg6 77. Rg4 f3 78. Rf4 Kxg5 79. Rxf3 Kg6 80. Rf8 Kg7 81. Rf2 Ra7 82. e5 {White mates.} dxe5+ 83. Kxe5 Ra4 84. Rf4 Rb4 85. d6 cxd6+ 86. Kxd6 Kh6 87. Kc6 Kg5 88. Rd4 Kf6 89. Kxb6 {Accuracy: White = 77%, Black = 44%.} 1-0

[Event "IND-ch Women 2019"]
[Site "Karaikkudi"]
[Date "2019.07.24"]
[Round "8.11"]
[White "Priyanka Nutakki"]
[Black "Ramaswamy, Aarthie"]
[Result "*"]
[WhiteElo "2293"]
[BlackElo "2020"]
[Annotator "TA"]
[PlyCount "29"]
[EventDate "2019.07.19"]
[EventType "swiss"]
[EventCountry "IND"]
[SourceTitle "playchess.com"]
[Source "ChessBase"]
[SourceQuality "1"]

{[%evp 15,29,33,37,0,0,0,0,0,0,0,3,0,31,40,75,62]} 1. c4 Nf6 2. Nc3 g6 3. e4 d6 4. g3 Bg7 5. Bg2 O-O 6. Nge2 e5 7. O-O Nc6 8. d3 Nh5 9. f4 {A26: English Opening vs King's Indian with ...Nc6 and d3} (9. Nd5 Be6 10. Be3 Nd4 11. f4 Bg4 12. Bxd4 exd4 13. f5 c6 14. Ndf4 Nxf4 15. Rxf4 Bxe2 16. Qxe2 Be5 17. Rf2 {½-½ (81) Valsecchi,A (2497)-Demchenko,A (2679) Skopje 2018}) 9... exf4 10. Nxf4 Nxf4 11. Bxf4 {The position is equal.} Nd4 12. Qd2 c6 13. Kh1 f5 $146 ({Predecessor:} 13... Bg4 14. h3 Be6 15. Rae1 Qd7 16. Kh2 Rfe8 {1-0 (42) Nill,O (2194)-Stankowski,A (1987) Lubbock 2018}) 14. Rae1 Be6 {[#]} 15. exf5 $1 *

[Event "IND-ch Women 2019"]
[Site "Karaikkudi"]
[Date "2019.07.24"]
[Round "8.12"]
[White "Mohota, Nisha"]
[Black "Bakshi, Rutuja"]
[Result "1/2-1/2"]
[WhiteElo "2221"]
[BlackElo "1958"]
[Annotator "TA"]
[PlyCount "126"]
[EventDate "2019.07.19"]
[EventType "swiss"]
[EventCountry "IND"]
[SourceTitle "playchess.com"]
[Source "ChessBase"]
[SourceQuality "1"]

{[%evp 20,126,18,9,29,5,26,3,31,20,10,11,16,-5,29,22,27,19,32,19,41,4,21,-18,0,-10,-9,-45,0,-31,-12,-22,-20,-16,-21,-16,0,0,309,368,340,62,66,57,52,41,71,-28,246,241,250,247,239,250,222,191,358,222,218,0,8,0,0,0,0,0,106,109,125,108,103,41,250,256,267,257,410,398,406,384,522,462,1068,1068,956,316,957,962,1501,1470,29958,29961,29962,29962,29961,29955,29953,29956,29960,29965,29962,29960,29959,0,4631,0,4631,0,4614]} 1. d4 d5 2. c4 c6 3. Nf3 Nf6 4. e3 g6 5. Nc3 Bg7 6. Bd3 O-O 7. O-O Bg4 8. h3 Bxf3 9. Qxf3 e6 10. b3 Nbd7 11. Bb2 Qa5 {D94: Grünfeld: 4 Nf3 Bg7 5 e3} (11... Re8 12. Rfd1 Qe7 13. a4 a5 14. Ba3 Qd8 15. Bd6 Bf8 16. Bg3 Qb6 17. Rab1 Qb4 18. Ne2 Bg7 19. cxd5 exd5 20. Rdc1 Nf8 {1-0 (51) Shirov,A (2673)-Artemiev,V (2653) Moscow 2016}) 12. cxd5 exd5 13. a3 Qc7 14. Rfc1 $146 ({Predecessor:} 14. Rac1 a6 15. Nxd5 Qd6 16. Nxf6+ {1-0 (16) Serrano,P-Gullotto,V Italy 1987}) 14... Qd6 15. b4 Rfe8 16. Qd1 Rad8 17. Qb3 Qe6 18. Rc2 Bf8 19. Na4 a6 20. Re1 Ne4 21. f3 Nd6 22. e4 Nc4 23. Rce2 Qf6 24. Ba1 Qf4 25. Nc5 b5 $1 26. Bxc4 {aiming for Bd3.} dxc4 27. Qc3 Bd6 28. e5 $36 {[%mdl 2048] White fights for an advantage.} Bb8 $2 {[%mdl 8192]} (28... Nxc5 $11 {and Black has nothing to worry.} 29. bxc5 (29. dxc5 Be7 $11) 29... Be7) 29. Re4 $1 $18 {[%cal Re4f4]} (29. Nxa6 Nb6 $11) 29... Qf5 30. Nxa6 $2 ({Better is} 30. g4 $18 Qg5 31. Nxd7 (31. Nxa6 Qh4 $11) 31... Rxd7 32. f4) 30... Nb6 $14 31. Nc5 (31. Nxb8 $6 Nd5 $11) 31... Nd5 32. Qc1 Kg7 33. e6 (33. a4 $16) 33... Ba7 $2 {[%mdl 8192]} (33... f6 $11 {and Black stays safe.}) 34. exf7 $1 $18 Kxf7 35. Nb7 {Threatens to win with Rxe8.} ({Don't take} 35. Qh6 $6 Qh5) 35... Bb8 36. Nxd8+ Rxd8 37. Qh6 Rh8 $2 (37... Qh5 {might work better.} 38. Qc1 Qf5) 38. Qh4 {Hoping for Re7+!} Bd6 39. g4 $2 (39. Bb2 $18) 39... Qxf3 $11 40. Qf2 Qxf2+ 41. Kxf2 Ra8 42. Bb2 $1 Nf4 (42... Bf4 $1 $11) 43. Rf1 $16 Nd3+ 44. Kg1+ Kg8 {[#]} 45. Ba1 (45. Bc1 $1 $16) 45... Rxa3 $2 {[#]} ({Black should try} 45... g5 $14) 46. Re8+ $1 $18 Kg7 47. d5+ {[%mdl 64] Discovered Attack} Rxa1 (47... Kh6 {was necessary.} 48. Re6 (48. dxc6 Nxb4 49. Be5 Bxe5 $16) 48... Bg3) 48. Rxa1 cxd5 49. Ra7+ Kh6 50. h4 {Rh8! would kill now.} Bxb4 (50... Bg3 $142) 51. Kg2 {Intending Kf3 and mate.} Be1 52. g5+ Kh5 {[#]} 53. Rxe1 $1 {[%mdl 512] Threatening mate with Kg3!} Kxh4 (53... Nxe1+ 54. Kg3) 54. Re3 {White wants to mate with Rg3.} Kxg5 {[#]} 55. Rxd3 $1 {[%mdl 512]} cxd3 {[%mdl 4096] Endgame KR-KP} 56. Kf3 d2 57. Ra1 h5 58. Rd1 Kf5 59. Rxd2 Ke5 60. Rg2 Kf5 61. Rd2 (61. Rb2 $142 g5 62. Rxb5 Ke5 63. Rb4 Kf5 64. Rb5 Ke5 65. Ke3 h4 66. Kf3) 61... Ke5 $1 62. Rg2 Kf5 $1 63. Rd2 Ke5 $1 {[%mdl 32768] Accuracy: White = 49%, Black = 46%. . An unexpected result.} 1/2-1/2

[Event "IND-ch Women 2019"]
[Site "Karaikkudi"]
[Date "2019.07.24"]
[Round "8.13"]
[White "Sanskriti Goyal"]
[Black "Sharma Isha"]
[Result "*"]
[WhiteElo "1948"]
[BlackElo "2188"]
[Annotator "TA"]
[PlyCount "25"]
[EventDate "2019.07.19"]
[EventType "swiss"]
[EventCountry "IND"]
[SourceTitle "playchess.com"]
[Source "ChessBase"]
[SourceQuality "1"]

{[%evp 18,25,36,-13,48,48,81,39,35,31]} 1. d4 d6 2. c4 e5 3. Nc3 exd4 4. Qxd4 Nc6 5. Qd2 g6 6. b3 Bg7 7. Bb2 Nf6 8. g3 O-O 9. Bg2 Re8 ({Predecessor:} 9... Bf5 10. Nh3 {0-1 (11) Nesterov,A (2273)-Bocharov,D (2597) Kazan 2016}) 10. Nh3 {[#]} Bf5 $146 {A21: English Opening: 1...e5 2 Nc3} ({Black should play} 10... d5 $1 $11 {[%mdl 512]} 11. cxd5 (11. Nxd5 Bxh3) 11... Bxh3 12. Bxh3 Nxd5 13. Nxd5 Bxb2) (10... d5 11. cxd5 Bxh3 12. Bxh3 Nxd5 13. Nxd5 Bxb2 14. Rd1 Nd4 15. Qxb2 Qxd5 16. O-O Rad8 17. Bg2 Qe5 18. Kh1 Qxe2 {1-0 (58) Mamedyarov,S (2736)-Onischuk,V (2612) Berlin 2015}) 11. O-O $14 Ne5 12. Rad1 a5 13. Nf4 *

[Event "IND-ch Women 2019"]
[Site "Karaikkudi"]
[Date "2019.07.24"]
[Round "8.14"]
[White "Abhirami Madabushi"]
[Black "Varshini, V."]
[Result "0-1"]
[WhiteElo "1689"]
[BlackElo "2087"]
[Annotator "NA RC"]
[PlyCount "104"]
[EventDate "2019.07.19"]
[EventType "swiss"]
[EventCountry "IND"]
[SourceTitle "playchess.com"]
[Source "ChessBase"]
[SourceQuality "1"]
[TimeControl "40/5400+30:1800+30"]

1. e4 {[%emt 0:00:00]} c5 {[%emt 0:00:00]} 2. Nf3 {[%emt 0:00:00]} d6 {[%emt 0:00:00]} 3. d4 {[%emt 0:00:00]} cxd4 {[%emt 0:00:00]} 4. Nxd4 {[%emt 0:00:01]} Nf6 {[%emt 0:00:00]} 5. Nc3 {[%emt 0:00:04]} a6 {[%emt 0:00:03]} 6. f3 {[%emt 0:00:05]} e5 {[%emt 0:01:28]} 7. Nb3 {[%emt 0:00:11]} Be7 {[%emt 0:00:25]} 8. Be3 {[%emt 0:00:05]} O-O {[%emt 0:00:27]} 9. Qd2 {[%emt 0:00:08]} Be6 {[%emt 0:00:33]} 10. g4 {[%emt 0:00:27]} Nbd7 {[%emt 0:00:17]} 11. O-O-O {[%emt 0:00:51]} b5 {[%emt 0:00:14]} 12. g5 {[%emt 0:00:27]} Nh5 {[%emt 0:00:11]} 13. Kb1 {[%emt 0:00:14]} Nb6 {[%emt 0:07:50]} 14. Nd5 {[%emt 0:01:56]} Bxd5 {[%emt 0:24:22]} 15. exd5 {[%emt 0:00:17]} f5 {[%emt 0:02:47]} 16. gxf6 {[%emt 0:10:01]} Nxf6 {[%emt 0:06:28]} 17. Bxb6 {[%emt 0:00:22]} Qxb6 {[%emt 0:00:05]} 18. Na5 {[%emt 0:00:14]} e4 {[%emt 0:10:58]} 19. Nc6 {[%emt 0:00:24]} Rae8 {[%emt 0:00:07]} 20. Bh3 {[%emt 0:01:04]} exf3 {[%emt 0:02:11]} 21. Rde1 {[%emt 0:01:41]} Bd8 {[%emt 0:04:06]} 22. Be6+ {[%emt 0:00:29]} Kh8 {[%emt 0:00:14]} 23. Rhf1 {[%emt 0:00:51]} Ng8 {[%emt 0:07:43]} 24. Nxd8 {[%emt 0:01:00]} Qxd8 {[%emt 0:04:21]} 25. Re3 {[%emt 0:04:21]} Qg5 {[%emt 0:05:56]} 26. Qf2 {[%emt 0:00:19]} Rf6 {[%emt 0:02:44]} 27. Rxf3 {[%emt 0:01:54]} Ref8 {[%emt 0:00:07]} 28. Rxf6 {[%emt 0:00:10]} Rxf6 {[%emt 0:00:03]} 29. Qg1 {[%emt 0:02:19]} Qxg1 {[%emt 0:10:07]} 30. Rxg1 {[%emt 0:00:02]} Ne7 {[%emt 0:00:11]} 31. b3 {[%emt 0:00:11]} g6 {[%emt 0:00:16]} 32. Rg3 {[%emt 0:00:38]} b4 {[%emt 0:04:50]} 33. Rg4 {[%emt 0:01:30]} a5 {[%emt 0:00:05]} 34. Rc4 {[%emt 0:00:04]} Rf1+ {[%emt 0:00:18]} 35. Kb2 {[%emt 0:00:02]} Rd1 {[%emt 0:00:09]} 36. Rc6 {[%emt 0:02:18]} Nxd5 {[%emt 0:00:15]} 37. Rxd6 {[%emt 0:00:01]} Nc3 {[%emt 0:00:13]} 38. Rxd1 {[%emt 0:00:02]} Nxd1+ {[%emt 0:00:04]} 39. Kc1 {[%emt 0:00:05]} Nc3 {[%emt 0:00:16]} 40. Kb2 {[%emt 0:00:00]} Kg7 {[%emt 0:00:00]} 41. a3 {[%emt 0:00:32]} Kf6 {[%emt 0:11:55]} 42. Bg8 {[%emt 0:00:36]} h5 {[%emt 0:03:23]} 43. axb4 {[%emt 0:00:08]} axb4 {[%emt 0:00:04]} 44. Kc1 {[%emt 0:00:11]} g5 {[%emt 0:00:06]} 45. Kd2 {[%emt 0:00:20]} Ke5 {[%emt 0:01:01]} 46. Bf7 {[%emt 0:01:07]} h4 {[%emt 0:00:17]} 47. h3 {[%emt 0:01:45]} g4 {[%emt 0:01:29]} 48. Ke3 {[%emt 0:00:36]} gxh3 {[%emt 0:01:27]} 49. Kf3 {[%emt 0:00:07]} Ne4 {[%emt 0:00:41]} 50. Be8 {[%emt 0:01:01]} Ng3 {[%emt 0:01:03]} 51. Kg4 {[%emt 0:00:37]} h2 {[%emt 0:00:06]} 52. Bc6 {[%emt 0:00:03]} Ne4 {[%emt 0:00:11]} 0-1